01055nam a22002537a 450000500170000001000150001702000230003202000260005503500130008103700130009408200080010710000310011524500850014625000150023126000450024627000840029130000270037550000190040250501870042165000210060894200220062999900170065195201330066820100818162151.0 aENG-100739 c735.00a8173814414 c735.00a9788173814419 aEN-84272 bDBAD/PUB a547 aGhosh, Sachin Kumar915013 aAdvanced general organic chemistry :cby Sachin Kumar Ghoshba modern approach / a3rd.rev.ed aNew DelhibNew Central Book Agencyc2009 bNew Delhia4262/3 1st Floor, Flat Nos.105 &106, Ansari Road, Daryaganj e110002 axv, 1813p.c24cm (pbk) aincludes index aPt.2- General chemistry of hydrocarbons, heterocycles (with one heteroatom)functional groups, planning A synthesis, amino acids, peptides, protiens, nucleic acids and carbohydrates  aChemistry915014 2ddccENh547mGHO c42500d42500 001040718NFICaDBADbDBADd2010-08-18eDBAD/PUBg735.00l0o547 GHOpEN-84272r2010-08-18 00:00:00t1v735.00w2010-08-18yEN